000 00578nam a2200181 i 4500
001 150787
003 ES-MaACL
005 20240228172249.0
007 t|
008 071112s1944 sp ||||1| spa d
100 1 _aGalsworthy, John (
_d1867-1933)
_953675
245 1 0 _aFlor sombría
_b: novela /
_cJohn Galsworthy ; [tradujo del inglés, R. Cansinos-Assens].
260 _a[Madrid] :
_bBiblioteca Nueva,
_c[1944]
300 _a305 p. ;
_c18 cm.
700 1 _aCansinos Asséns, Rafael,
_d1882-1964
_934616
852 _aES-MaACL
_jE-1160
_bR.26970
999 _c150787
_d150787